000
00295nam a2200085Ia 4500
245
0
_a
Write to the point : how to communicate in business with style and purpose
100
_a
IACONE, Salvatore J. Franklin Lakes, NJ, 2003
_9
77483
942
_c
BK
008
210817s9999 xx 000 0 und d
999
_c
264776
_d
264775